| 000 | 00837nam a22002535a 4500 | ||
|---|---|---|---|
| 005 | 20151214141458.0 | ||
| 008 | 150804t2004 xnaa frb 001 0 eng d | ||
| 020 | _a9780729537452 | ||
| 020 | _a0729537455 | ||
| 040 |
_aEG-ScBUE _beng _cEG-ScBUE |
||
| 043 | _au-at--- | ||
| 082 | 0 | 4 |
_222 _a362.10680994 _bCOU |
| 100 | 1 |
_aCourtney, Mary. _938909 |
|
| 245 | 1 | 0 |
_aHealth care financial management / _cMary courtney, David Briggs. |
| 260 |
_aMarrickville : _bMosby / Elsevier, _cc.2004. |
||
| 300 |
_axi, 196 p. : _bill. ; _c24 cm. |
||
| 500 | _aIndex : p. 191-196. | ||
| 504 | _aIncludes bibliographical references. | ||
| 650 | 0 |
_2BUEsh _aMedical care _xFinance _zAustralia |
|
| 650 | 0 |
_937459 _aHealth services administration. _2BUEsh _zAustralia |
|
| 653 |
_bBUSADM _cAugust2015 _cDecember2015 |
||
| 700 | 1 | _aBriggs, David | |
| 942 | _2ddc | ||
| 999 |
_c20462 _d20434 |
||